000 01067nam a2200241Ia 4500
999 _c54851
_d54851
001 21920
003 GE_BSU
005 20220518143932.0
008 181216s ||||ge |||||||||||||| ||geo||
040 _cGE_BSU
041 _ageo
080 _a81'1 ჩ-69
100 _aჩიქობავა, არნოლდ
_91234
245 _aზოგადი ენათმეცნიერება წ. 2 :
_b ძირითადი პრობლემები /
_cარნოლდ ჩიქობავა ; რედ. გ. ახვლედიანი
264 _aთბილისი :
_bთბილისის სახელმწ. უნ-ტის გამ-ბა,
_c1945.
300 _a392 გვ. ;
_c23 სმ.
541 _h5 ლ. 50თ.
653 _aზოგადი ენათმეცნიერება
653 _aქართული ენა
653 _aძირითადი პრობლემები
700 _aახვლედიანი, გ.
_eრედაქტორი
_92910
942 _cBK
_2udc